Statistics for name Horror movie character quiz

Click here to take the quiz!

General Stats

  • This quiz has been taken 49 times
  • The average score is 4 of 15

Answer Stats

horror movie charactersAnswer% Correct
screamghost face
69%
texas chainsaw massacreleatherface
67%
camp crystal lakejason voorhees
54%
dont feed them after midnightgremlins
46%
the movie itpennywise the dancing clown
46%
the thingthe thing
33%
trick or treatmichael myers
26%
the exorcistpazuzu
18%
they kill just for the sake of killing (dont trust strangers)the strangers
18%
hes in your nightmaresfreddy kreuger
15%
they come out of the ground when you movetremors
15%
hes hiding in the forest waiting to rip out your spinepredator
13%
pans labryinththe pale man
10%
the movie alienthe xenomorph
10%
the killer in final destination(careful this ones tricky)the devil
5%

Score Distribution

Percentile by Number Answered

Percent of People with Each Score

Your Score History

You have not taken this quiz